[Event "Baku Chess Olympiad | Open"]
[Site "chess24.com"]
[Date "2016.09.05"]
[Round "4"]
[White "Palencia Morales, Wilson Guillermo"]
[Black "Markov, Mikhail"]
[Result "*"]
[Board "2"]
[WhiteID "4401859"]
[WhiteElo "2378"]
[WhiteTitle "IM"]
[WhiteCountry "VEN"]
[WhiteFideId "4401859"]
[BlackID "13800698"]
[BlackElo "2433"]
[BlackTitle "IM"]
[BlackCountry "KGZ"]
[BlackFideId "13800698"]

1. d4 {[%clk 1:30:56]} Nf6 {[%clk 1:30:57]} 2. Nf3 {[%clk 1:31:16]} e6 {[%clk
1:31:14]} 3. e3 {[%clk 1:31:19]} c5 {[%clk 1:31:22]} 4. Bd3 {[%clk 1:30:56]} Be7
{[%clk 1:30:44]} 5. O-O {[%clk 1:30:40]} Nc6 {[%clk 1:29:15]} 6. c3 {[%clk
1:28:41]} d5 {[%clk 1:28:42]} 7. Ne5 {[%clk 1:25:52]} Nxe5 {[%clk 1:28:00]} 8.
dxe5 {[%clk 1:26:06]} Nd7 {[%clk 1:28:14]} 9. f4 {[%clk 1:26:14]} Rb8 {[%clk
1:18:38]} 10. Nd2 {[%clk 1:03:05]} b5 {[%clk 1:16:37]} 11. Nf3 {[%clk 1:00:22]}
g6 {[%clk 1:13:49]} 12. Bd2 {[%clk 0:54:30]} a5 {[%clk 1:12:46]} 13. Qe2 {[%clk
0:53:12]} Qb6 {[%clk 1:09:47]} 14. Rab1 {[%clk 0:40:15]} c4 {[%clk 1:02:06]} 15.
Bc2 {[%clk 0:40:41]} b4 {[%clk 1:02:11]} 16. Ba4 {[%clk 0:34:14]} O-O {[%clk
0:59:59]} 17. Bxd7 {[%clk 0:34:37]} Bxd7 {[%clk 1:00:26]} 18. h4 {[%clk 0:32:41]}
Ba4 {[%clk 0:56:39]} 19. Be1 {[%clk 0:27:10]} h5 {[%clk 0:55:09]} 20. Nd4 {[%clk
0:21:55]} f5 {[%clk 0:38:08]} 21. exf6 {[%clk 0:16:17]} Bxf6 {[%clk 0:35:47]} 22.
g4 {[%clk 0:13:59]} e5 {[%clk 0:32:39]} 23. fxe5 {[%clk 0:13:56]} Bxe5 {[%clk
0:33:02]} 24. Bd2 {[%clk 0:12:21]} Bd7 {[%clk 0:33:06]} 25. gxh5 {[%clk 0:12:03]}
Bh3 {[%clk 0:33:16]} 26. Rf3 {[%clk 0:12:11]} Bf5 {[%clk 0:16:23]} 27. Rbf1
{[%clk 0:10:54]} Be4 {[%clk 0:14:45]} 28. Rxf8+ {[%clk 0:10:40]} Rxf8 {[%clk
0:15:14]} 29. Rxf8+ {[%clk 0:10:56]} Kxf8 {[%clk 0:15:43]} 30. Qg4 {[%clk
0:10:23]} gxh5 {[%clk 0:12:09]} 31. Qc8+ {[%clk 0:06:24]} Kg7 {[%clk 0:10:10]}
32. Qd7+ {[%clk 0:05:36]} *

[Event "Baku Chess Olympiad | Open"]
[Site "chess24.com"]
[Date "2016.09.05"]
[Round "4"]
[White "Romero Barreto, Jaime Jose"]
[Black "Sezdbekov, Ruslan"]
[Result "0-1"]
[Board "4"]
[WhiteID "3902498"]
[WhiteElo "2245"]
[WhiteTitle "FM"]
[WhiteCountry "VEN"]
[WhiteFideId "3902498"]
[WhiteEloChange "-13"]
[BlackID "13801856"]
[BlackElo "2127"]
[BlackTitle "CM"]
[BlackCountry "KGZ"]
[BlackFideId "13801856"]
[BlackEloChange "13"]

1. e4 {[%clk 1:30:55]} e5 {[%clk 1:30:53]} 2. Nf3 {[%clk 1:31:12]} Nf6 {[%clk
1:31:19]} 3. Nxe5 {[%clk 1:30:14]} d6 {[%clk 1:31:42]} 4. Nf3 {[%clk 1:30:40]}
Nxe4 {[%clk 1:32:06]} 5. Nc3 {[%clk 1:30:55]} Nxc3 {[%clk 1:32:23]} 6. dxc3
{[%clk 1:31:20]} Be7 {[%clk 1:32:36]} 7. Bf4 {[%clk 1:24:49]} O-O {[%clk
1:32:17]} 8. Qd2 {[%clk 1:25:13]} Be6 {[%clk 1:31:49]} 9. O-O-O {[%clk 1:00:09]}
a5 {[%clk 1:24:52]} 10. Kb1 {[%clk 0:59:06]} Nc6 {[%clk 1:23:18]} 11. Bd3 {[%clk
0:51:46]} Bf6 {[%clk 1:20:44]} 12. Ng5 {[%clk 0:49:30]} Bxg5 {[%clk 1:16:46]} 13.
Bxg5 {[%clk 0:49:54]} Qd7 {[%clk 1:16:58]} 14. h4 {[%clk 0:37:12]} Ne5 {[%clk
1:15:53]} 15. Bf1 {[%clk 0:31:30]} b5 {[%clk 1:14:20]} 16. h5 {[%clk 0:31:36]} f6
{[%clk 1:12:59]} 17. Bf4 {[%clk 0:25:27]} Qf7 {[%clk 1:08:38]} 18. a3 {[%clk
0:21:05]} Rfb8 {[%clk 1:08:49]} 19. Bxe5 {[%clk 0:16:40]} dxe5 {[%clk 1:05:47]}
20. Be2 {[%clk 0:16:49]} b4 {[%clk 1:01:57]} 21. cxb4 {[%clk 0:14:22]} axb4
{[%clk 1:02:11]} 22. axb4 {[%clk 0:14:02]} Ba2+ {[%clk 0:49:19]} 23. Kc1 {[%clk
0:13:55]} Bc4 {[%clk 0:49:29]} 24. b3 {[%clk 0:12:24]} Bxe2 {[%clk 0:48:25]} 25.
Qxe2 {[%clk 0:12:49]} Rxb4 {[%clk 0:48:29]} 26. Kb2 {[%clk 0:12:38]} c5 {[%clk
0:45:19]} 27. Qf3 {[%clk 0:10:18]} Rab8 {[%clk 0:40:54]} 28. Qd5 {[%clk 0:09:56]}
c4 {[%clk 0:40:46]} 29. Rh3 {[%clk 0:10:04]} Qxd5 {[%clk 0:36:32]} 30. Rxd5
{[%clk 0:10:29]} R8b7 {[%clk 0:36:47]} 31. Rc5 {[%clk 0:08:20]} Kf7 {[%clk
0:35:36]} 32. Rc6 {[%clk 0:07:50]} Ke7 {[%clk 0:34:00]} 33. Rg3 {[%clk 0:07:08]}
Kf7 {[%clk 0:33:29]} 34. Rc3 {[%clk 0:05:06]} cxb3 {[%clk 0:32:35]} 35. Rxb3
{[%clk 0:05:21]} g6 {[%clk 0:31:51]} 36. h6 {[%clk 0:02:23]} g5 {[%clk 0:31:43]}
37. Kc3 {[%clk 0:02:49]} Rxb3+ {[%clk 0:31:10]} 38. cxb3 {[%clk 0:03:18]} Kg6
{[%clk 0:30:24]} 39. b4 {[%clk 0:03:40]} g4 {[%clk 0:28:49]} 40. Kc4 {[%clk
0:32:40]} Kxh6 {[%clk 0:54:45]} 41. Rxf6+ {[%clk 0:25:32]} Kg5 {[%clk 0:55:08]}
42. Rf8 {[%clk 0:25:50]} h5 {[%clk 0:51:26]} 43. g3 {[%clk 0:24:30]} Rc7+ {[%clk
0:50:22]} 44. Kd5 {[%clk 0:24:32]} Rb7 {[%clk 0:50:44]} 45. Kc5 {[%clk 0:24:06]}
Rc7+ {[%clk 0:51:08]} 46. Kb6 {[%clk 0:23:02]} Rc3 {[%clk 0:51:29]} 47. b5 {[%clk
0:21:39]} Rf3 {[%clk 0:50:57]} 48. Rxf3 {[%clk 0:21:08]} gxf3 {[%clk 0:49:22]}
49. Kc5 {[%clk 0:21:33]} Kg4 {[%clk 0:47:30]} 50. b6 {[%clk 0:21:14]} Kh3 {[%clk
0:47:28]} 51. b7 {[%clk 0:21:37]} Kg2 {[%clk 0:47:47]} 52. b8Q {[%clk 0:21:29]}
Kxf2 {[%clk 0:46:52]} 53. Qxe5 {[%clk 0:21:53]} Kg2 {[%clk 0:46:02]} 54. Qxh5
{[%clk 0:22:12]} Kxg3 {[%clk 0:46:29]} 55. Kd4 {[%clk 0:22:32]} 0-1

[Event "Baku Chess Olympiad | Open"]
[Site "chess24.com"]
[Date "2016.09.05"]
[Round "4"]
[White "Amonatov, Farrukh"]
[Black "Bologan, Victor"]
[Result "*"]
[Board "1"]
[WhiteID "14700077"]
[WhiteElo "2610"]
[WhiteTitle "GM"]
[WhiteCountry "TJK"]
[WhiteFideId "14700077"]
[BlackID "13900048"]
[BlackElo "2648"]
[BlackTitle "GM"]
[BlackCountry "MDA"]
[BlackFideId "13900048"]

1. e4 {[%clk 1:30:56]} g6 {[%clk 1:30:56]} 2. d4 {[%clk 1:31:22]} Bg7 {[%clk
1:31:23]} 3. Nf3 {[%clk 1:31:20]} d6 {[%clk 1:31:46]} 4. Bc4 {[%clk 1:31:47]} Nf6
{[%clk 1:32:10]} 5. Qe2 {[%clk 1:32:13]} O-O {[%clk 1:32:27]} 6. e5 {[%clk
1:32:32]} dxe5 {[%clk 1:32:45]} 7. dxe5 {[%clk 1:32:58]} Nd5 {[%clk 1:33:09]} 8.
h3 {[%clk 1:33:21]} Be6 {[%clk 1:33:20]} 9. O-O {[%clk 1:33:19]} Nd7 {[%clk
1:33:19]} 10. Bb3 {[%clk 1:32:31]} c6 {[%clk 1:22:41]} 11. c4 {[%clk 1:24:11]}
Nb4 {[%clk 1:19:01]} 12. Nc3 {[%clk 1:05:35]} Qc7 {[%clk 1:11:57]} 13. Bf4 {[%clk
1:01:24]} Nc5 {[%clk 1:03:16]} 14. Rad1 {[%clk 1:00:29]} Bf5 {[%clk 0:56:58]} 15.
Qe3 {[%clk 0:54:35]} Qb6 {[%clk 0:55:48]} 16. Rd2 {[%clk 0:38:18]} Rfd8 {[%clk
0:32:57]} 17. Rfd1 {[%clk 0:28:57]} Rxd2 {[%clk 0:21:28]} 18. Rxd2 {[%clk
0:26:25]} Nxb3 {[%clk 0:21:16]} 19. axb3 {[%clk 0:24:50]} Qxe3 {[%clk 0:19:05]}
20. Bxe3 {[%clk 0:25:04]} Nc2 {[%clk 0:09:28]} 21. Bf4 {[%clk 0:16:01]} Na1
{[%clk 0:09:20]} 22. Nd4 {[%clk 0:15:43]} Rd8 {[%clk 0:08:35]} 23. b4 {[%clk
0:09:05]} Bc8 {[%clk 0:02:51]} 24. Rd1 {[%clk 0:08:06]} f6 {[%clk 0:02:11]} 25.
exf6 {[%clk 0:03:45]} *

[Event "Baku Chess Olympiad | Open"]
[Site "chess24.com"]
[Date "2016.09.05"]
[Round "4"]
[White "Capone, Nicola"]
[Black "Klasan, Vladimir"]
[Result "1-0"]
[Board "4"]
[WhiteID "224715"]
[WhiteElo "2373"]
[WhiteTitle "FM"]
[WhiteCountry "BEL"]
[WhiteFideId "224715"]
[WhiteEloChange "11"]
[BlackID "934054"]
[BlackElo "2401"]
[BlackTitle "IM"]
[BlackCountry "SRB"]
[BlackFideId "934054"]
[BlackEloChange "-5"]

1. d4 {[%clk 1:30:52]} d5 {[%clk 1:30:48]} 2. c4 {[%clk 1:31:07]} c6 {[%clk
1:31:11]} 3. Nf3 {[%clk 1:31:26]} Nf6 {[%clk 1:31:32]} 4. e3 {[%clk 1:31:51]} Bf5
{[%clk 1:31:04]} 5. Nc3 {[%clk 1:31:52]} e6 {[%clk 1:31:01]} 6. Nh4 {[%clk
1:32:12]} Bg4 {[%clk 1:30:31]} 7. Qb3 {[%clk 1:32:31]} Qc7 {[%clk 1:30:25]} 8.
Bd2 {[%clk 1:22:47]} Be7 {[%clk 1:15:09]} 9. h3 {[%clk 1:22:58]} Bh5 {[%clk
1:06:00]} 10. g4 {[%clk 1:20:44]} Bg6 {[%clk 0:56:08]} 11. Nxg6 {[%clk 1:20:55]}
hxg6 {[%clk 0:56:25]} 12. Bg2 {[%clk 1:21:19]} Nbd7 {[%clk 0:55:01]} 13. cxd5
{[%clk 1:20:29]} exd5 {[%clk 0:48:52]} 14. O-O-O {[%clk 1:20:42]} Nb6 {[%clk
0:43:45]} 15. Kb1 {[%clk 1:21:07]} O-O-O {[%clk 0:37:45]} 16. Bc1 {[%clk
1:01:38]} Bd6 {[%clk 0:34:39]} 17. Qc2 {[%clk 0:59:47]} Bb4 {[%clk 0:29:47]} 18.
Ne2 {[%clk 0:50:59]} Rhe8 {[%clk 0:24:18]} 19. f3 {[%clk 0:44:01]} Qe7 {[%clk
0:22:34]} 20. Nf4 {[%clk 0:37:56]} Bd6 {[%clk 0:21:00]} 21. g5 {[%clk 0:36:49]}
Nh7 {[%clk 0:14:55]} 22. h4 {[%clk 0:37:14]} Bxf4 {[%clk 0:13:48]} 23. exf4
{[%clk 0:37:38]} Nf8 {[%clk 0:13:44]} 24. b3 {[%clk 0:35:20]} Kb8 {[%clk
0:13:16]} 25. f5 {[%clk 0:33:11]} gxf5 {[%clk 0:13:33]} 26. Qxf5 {[%clk 0:33:36]}
g6 {[%clk 0:11:48]} 27. Qe5+ {[%clk 0:33:42]} Qxe5 {[%clk 0:10:59]} 28. dxe5
{[%clk 0:34:08]} d4 {[%clk 0:07:28]} 29. f4 {[%clk 0:30:22]} Ne6 {[%clk 0:07:53]}
30. h5 {[%clk 0:30:22]} gxh5 {[%clk 0:05:36]} 31. Rxh5 {[%clk 0:26:03]} Rd7
{[%clk 0:05:58]} 32. f5 {[%clk 0:19:37]} Nc7 {[%clk 0:03:23]} 33. Bf4 {[%clk
0:05:47]} Kc8 {[%clk 0:03:48]} 34. e6 {[%clk 0:06:14]} fxe6 {[%clk 0:03:38]} 35.
Bxc7 {[%clk 0:06:31]} Kxc7 {[%clk 0:03:27]} 36. f6 {[%clk 0:06:48]} Rf8 {[%clk
0:01:54]} 37. Kb2 {[%clk 0:03:33]} c5 {[%clk 0:01:43]} 38. Rf1 {[%clk 0:02:55]}
Rdf7 {[%clk 0:01:50]} 39. Be4 {[%clk 0:02:34]} Nd5 {[%clk 0:01:23]} 40. Rh7
{[%clk 0:31:49]} Rxh7 {[%clk 0:30:43]} 41. Bxh7 {[%clk 0:32:07]} Kd6 {[%clk
0:27:05]} 42. Be4 {[%clk 0:19:46]} Ne3 {[%clk 0:26:04]} 43. g6 {[%clk 0:18:39]}
Nxf1 {[%clk 0:21:45]} 44. g7 {[%clk 0:19:04]} Rxf6 {[%clk 0:21:36]} 45. g8Q
{[%clk 0:19:24]} Rf2+ {[%clk 0:20:36]} 46. Ka3 {[%clk 0:18:34]} Ke5 {[%clk
0:20:16]} 47. Bd3 {[%clk 0:18:36]} 1-0

[Event "Baku Chess Olympiad | Open"]
[Site "chess24.com"]
[Date "2016.09.05"]
[Round "4"]
[White "Sands, David A"]
[Black "Gholami, Aryan"]
[Result "0-1"]
[Board "4"]
[WhiteID "402060"]
[WhiteElo "2122"]
[WhiteCountry "WLS"]
[WhiteFideId "402060"]
[WhiteEloChange "-3"]
[BlackID "12513342"]
[BlackElo "2435"]
[BlackTitle "FM"]
[BlackCountry "IRI"]
[BlackFideId "12513342"]
[BlackEloChange "1"]

1. d4 {[%clk 1:30:57]} Nf6 {[%clk 1:30:46]} 2. c4 {[%clk 1:31:19]} e6 {[%clk
1:31:12]} 3. Nc3 {[%clk 1:31:33]} Bb4 {[%clk 1:31:34]} 4. e3 {[%clk 1:31:57]} O-O
{[%clk 1:31:58]} 5. Ne2 {[%clk 1:32:20]} Re8 {[%clk 1:32:23]} 6. a3 {[%clk
1:32:11]} Bf8 {[%clk 1:32:46]} 7. Ng3 {[%clk 1:32:19]} d5 {[%clk 1:33:06]} 8. Be2
{[%clk 1:30:35]} g6 {[%clk 1:31:31]} 9. O-O {[%clk 1:30:13]} h5 {[%clk 1:31:49]}
10. Re1 {[%clk 1:18:16]} h4 {[%clk 1:19:44]} 11. Nf1 {[%clk 1:14:12]} h3 {[%clk
1:09:40]} 12. g3 {[%clk 1:14:32]} Nbd7 {[%clk 1:09:35]} 13. b3 {[%clk 0:54:19]}
c6 {[%clk 1:05:46]} 14. Bb2 {[%clk 0:51:52]} a6 {[%clk 1:02:04]} 15. Bf3 {[%clk
0:43:32]} dxc4 {[%clk 0:58:45]} 16. bxc4 {[%clk 0:43:54]} e5 {[%clk 0:59:12]} 17.
Nd2 {[%clk 0:38:28]} Bg7 {[%clk 0:53:37]} 18. Nce4 {[%clk 0:33:32]} Nxe4 {[%clk
0:50:08]} 19. Nxe4 {[%clk 0:33:38]} Nb6 {[%clk 0:49:10]} 20. Rc1 {[%clk 0:33:48]}
f5 {[%clk 0:32:12]} 21. Nc5 {[%clk 0:33:45]} e4 {[%clk 0:31:53]} 22. Be2 {[%clk
0:34:02]} g5 {[%clk 0:31:55]} 23. Bc3 {[%clk 0:28:28]} Nd7 {[%clk 0:30:55]} 24.
Nxd7 {[%clk 0:25:48]} Bxd7 {[%clk 0:30:01]} 25. Rb1 {[%clk 0:22:51]} Rb8 {[%clk
0:30:14]} 26. Qd2 {[%clk 0:21:38]} Be6 {[%clk 0:24:30]} 27. Red1 {[%clk 0:19:33]}
Bf7 {[%clk 0:23:26]} 28. a4 {[%clk 0:16:15]} Qc7 {[%clk 0:18:08]} 29. Ba5 {[%clk
0:15:56]} Qe7 {[%clk 0:17:07]} 30. Bb6 {[%clk 0:08:52]} f4 {[%clk 0:11:16]} 31.
Qb4 {[%clk 0:08:10]} Qd7 {[%clk 0:10:48]} 32. Qa5 {[%clk 0:07:15]} Bh6 {[%clk
0:09:42]} 33. d5 {[%clk 0:05:07]} cxd5 {[%clk 0:08:18]} 34. cxd5 {[%clk 0:05:28]}
Rbc8 {[%clk 0:08:18]} 35. d6 {[%clk 0:03:37]} Rc6 {[%clk 0:04:14]} 36. Bc7 {[%clk
0:02:24]} fxe3 {[%clk 0:04:39]} 37. fxe3 {[%clk 0:02:49]} g4 {[%clk 0:05:00]} 38.
Qd2 {[%clk 0:02:44]} Rxc7 {[%clk 0:02:13]} 39. dxc7 {[%clk 0:02:59]} Qxd2 {[%clk
0:02:37]} 40. Rxd2 {[%clk 0:33:17]} Bxe3+ {[%clk 0:33:00]} 41. Kf1 {[%clk
0:24:43]} Bxd2 {[%clk 0:32:32]} 42. Bxg4 {[%clk 0:25:01]} Bc4+ {[%clk 0:32:27]}
43. Kg1 {[%clk 0:25:10]} Bd3 {[%clk 0:22:00]} 44. Ra1 {[%clk 0:16:56]} Be3+
{[%clk 0:19:54]} 45. Kh1 {[%clk 0:17:16]} Bd4 {[%clk 0:12:10]} 46. Rc1 {[%clk
0:04:37]} e3 {[%clk 0:12:28]} 47. c8Q {[%clk 0:04:37]} Be4+ {[%clk 0:12:48]} 0-1

[Event "Baku Chess Olympiad | Open"]
[Site "chess24.com"]
[Date "2016.09.05"]
[Round "4"]
[White "Pacher, Milan"]
[Black "Mohammed, Zozek Salah Mohammed"]
[Result "1-0"]
[Board "2"]
[WhiteID "14907445"]
[WhiteElo "2499"]
[WhiteTitle "GM"]
[WhiteCountry "SVK"]
[WhiteFideId "14907445"]
[WhiteEloChange "2"]
[BlackID "4803361"]
[BlackElo "2251"]
[BlackTitle "FM"]
[BlackCountry "IRQ"]
[BlackFideId "4803361"]
[BlackEloChange "-4"]

1. d4 {[%clk 1:30:57]} d5 {[%clk 1:30:44]} 2. c4 {[%clk 1:31:23]} Bf5 {[%clk
1:30:09]} 3. cxd5 {[%clk 1:31:29]} Bxb1 {[%clk 1:30:23]} 4. Rxb1 {[%clk 1:31:56]}
Qxd5 {[%clk 1:30:35]} 5. Qa4+ {[%clk 1:32:13]} c6 {[%clk 1:30:53]} 6. Nf3 {[%clk
1:32:32]} Nd7 {[%clk 1:31:04]} 7. b4 {[%clk 1:31:23]} e6 {[%clk 1:26:25]} 8. e3
{[%clk 1:30:04]} a5 {[%clk 1:22:37]} 9. b5 {[%clk 1:26:25]} Bb4+ {[%clk 1:17:05]}
10. Bd2 {[%clk 1:25:36]} Bxd2+ {[%clk 1:14:38]} 11. Nxd2 {[%clk 1:25:24]} c5
{[%clk 1:14:27]} 12. b6 {[%clk 1:22:12]} Nf6 {[%clk 1:13:01]} 13. Be2 {[%clk
1:20:29]} cxd4 {[%clk 1:04:23]} 14. Bf3 {[%clk 1:19:37]} Qe5 {[%clk 0:58:58]} 15.
Nc4 {[%clk 1:17:55]} Qc5 {[%clk 0:59:15]} 16. Rb5 {[%clk 1:13:22]} Qe7 {[%clk
0:57:58]} 17. Bxb7 {[%clk 1:07:45]} Rb8 {[%clk 0:54:41]} 18. Nxa5 {[%clk
1:06:42]} dxe3 {[%clk 0:41:18]} 19. fxe3 {[%clk 1:02:51]} Nd5 {[%clk 0:23:17]}
20. Bxd5 {[%clk 0:58:44]} exd5 {[%clk 0:23:44]} 21. Qd4 {[%clk 0:59:03]} O-O
{[%clk 0:19:16]} 22. Nc6 {[%clk 0:56:26]} Qa3 {[%clk 0:19:07]} 23. Nxb8 {[%clk
0:56:27]} Qc1+ {[%clk 0:19:21]} 24. Kf2 {[%clk 0:54:46]} Qc2+ {[%clk 0:19:39]}
25. Kg3 {[%clk 0:54:15]} Nf6 {[%clk 0:16:16]} 26. h3 {[%clk 0:52:26]} Rxb8 {[%clk
0:15:09]} 27. Kh2 {[%clk 0:49:24]} h5 {[%clk 0:12:27]} 28. a4 {[%clk 0:45:56]}
Re8 {[%clk 0:05:28]} 29. b7 {[%clk 0:44:47]} Qf2 {[%clk 0:05:54]} 30. b8Q {[%clk
0:43:42]} 1-0

[Event "Baku Chess Olympiad | Open"]
[Site "chess24.com"]
[Date "2016.09.05"]
[Round "4"]
[White "Larrea, Manuel"]
[Black "Ble, Kouko Hubert"]
[Result "1-0"]
[Board "3"]
[WhiteID "3000508"]
[WhiteElo "2279"]
[WhiteTitle "FM"]
[WhiteCountry "URU"]
[WhiteFideId "3000508"]
[WhiteEloChange "2"]
[BlackID "20800088"]
[BlackElo "1918"]
[BlackCountry "CIV"]
[BlackFideId "20800088"]
[BlackEloChange "-2"]

1. e4 {[%clk 1:30:56]} e5 {[%clk 1:30:49]} 2. Nf3 {[%clk 1:31:15]} Nc6 {[%clk
1:31:11]} 3. Bc4 {[%clk 1:31:37]} Bc5 {[%clk 1:29:11]} 4. c3 {[%clk 1:31:56]} Bb6
{[%clk 1:28:10]} 5. d4 {[%clk 1:31:57]} Qe7 {[%clk 1:28:13]} 6. O-O {[%clk
1:30:20]} Nf6 {[%clk 1:28:06]} 7. Re1 {[%clk 1:28:13]} d6 {[%clk 1:28:10]} 8. a4
{[%clk 1:26:19]} a6 {[%clk 1:28:31]} 9. h3 {[%clk 1:24:58]} O-O {[%clk 1:28:28]}
10. Na3 {[%clk 1:21:48]} Nb8 {[%clk 1:12:34]} 11. Bd3 {[%clk 1:06:20]} Nc6 {[%clk
1:01:39]} 12. Nc4 {[%clk 1:02:49]} Ba7 {[%clk 1:01:58]} 13. Bc2 {[%clk 1:02:10]}
Bd7 {[%clk 1:00:24]} 14. Bg5 {[%clk 0:56:29]} Rad8 {[%clk 0:55:14]} 15. Ne3
{[%clk 0:55:46]} Be6 {[%clk 0:48:08]} 16. d5 {[%clk 0:55:19]} Bd7 {[%clk
0:47:46]} 17. dxc6 {[%clk 0:55:29]} bxc6 {[%clk 0:48:15]} 18. Nh4 {[%clk
0:53:06]} Bxe3 {[%clk 0:47:14]} 19. Rxe3 {[%clk 0:51:44]} h6 {[%clk 0:47:00]} 20.
Bxf6 {[%clk 0:51:59]} Qxf6 {[%clk 0:47:29]} 21. Nf5 {[%clk 0:52:08]} Kh8 {[%clk
0:43:54]} 22. Qh5 {[%clk 0:50:23]} Bxf5 {[%clk 0:39:54]} 23. exf5 {[%clk
0:49:35]} a5 {[%clk 0:39:19]} 24. Rae1 {[%clk 0:49:24]} Rb8 {[%clk 0:39:42]} 25.
b3 {[%clk 0:49:43]} Rfe8 {[%clk 0:39:10]} 26. f4 {[%clk 0:47:26]} e4 {[%clk
0:35:37]} 27. Rxe4 {[%clk 0:43:33]} Rxe4 {[%clk 0:35:39]} 28. Rxe4 {[%clk
0:43:50]} c5 {[%clk 0:33:58]} 29. Qe2 {[%clk 0:43:55]} Qxc3 {[%clk 0:19:16]} 30.
f6 {[%clk 0:43:28]} gxf6 {[%clk 0:12:46]} 31. Rc4 {[%clk 0:42:56]} Qg3 {[%clk
0:11:51]} 32. Qe4 {[%clk 0:40:41]} Qg7 {[%clk 0:09:56]} 33. Rc3 {[%clk 0:39:42]}
h5 {[%clk 0:06:04]} 34. Rg3 {[%clk 0:38:41]} Qh6 {[%clk 0:06:32]} 35. Kh2 {[%clk
0:37:20]} Rg8 {[%clk 0:06:32]} 36. Rxg8+ {[%clk 0:36:51]} Kxg8 {[%clk 0:03:54]}
37. Qf5 {[%clk 0:37:08]} Kg7 {[%clk 0:04:08]} 38. Be4 {[%clk 0:36:48]} h4 {[%clk
0:03:00]} 39. g4 {[%clk 0:34:45]} hxg3+ {[%clk 0:03:21]} 40. Kxg3 {[%clk
1:05:11]} Qg6+ {[%clk 0:31:46]} 41. Qg4 {[%clk 1:04:30]} f5 {[%clk 0:19:45]} 42.
Bxf5 {[%clk 1:04:47]} Qxg4+ {[%clk 0:19:58]} 43. Kxg4 {[%clk 1:05:01]} d5 {[%clk
0:20:19]} 44. Bd3 {[%clk 1:05:23]} Kf6 {[%clk 0:20:27]} 45. h4 {[%clk 1:05:45]}
c6 {[%clk 0:18:37]} 46. h5 {[%clk 1:06:10]} Kg7 {[%clk 0:17:54]} 47. Kg5 {[%clk
1:06:33]} f6+ {[%clk 0:13:28]} 48. Kf5 {[%clk 1:06:57]} Kh6 {[%clk 0:13:28]} 49.
Kxf6 {[%clk 1:07:20]} Kxh5 {[%clk 0:08:41]} 50. Ke6 {[%clk 1:07:41]} Kg4 {[%clk
0:08:31]} 51. f5 {[%clk 1:08:04]} Kf4 {[%clk 0:08:47]} 52. f6 {[%clk 1:08:27]}
Ke3 {[%clk 0:09:17]} 53. Ba6 {[%clk 1:08:37]} c4 {[%clk 0:05:13]} 54. bxc4 {[%clk
1:08:58]} dxc4 {[%clk 0:05:24]} 55. f7 {[%clk 1:09:00]} c3 {[%clk 0:05:47]} 56.
f8Q {[%clk 1:09:17]} 1-0

[Event "Baku Chess Olympiad | Open"]
[Site "chess24.com"]
[Date "2016.09.05"]
[Round "4"]
[White "Soares, Erikson Roberto Mauricio"]
[Black "Abreu Jean, Carlos Paul"]
[Result "0-1"]
[Board "3"]
[WhiteID "10100091"]
[WhiteElo "2274"]
[WhiteTitle "IM"]
[WhiteCountry "ANG"]
[WhiteFideId "10100091"]
[WhiteEloChange "-9"]
[BlackID "6405525"]
[BlackElo "2326"]
[BlackTitle "FM"]
[BlackCountry "DOM"]
[BlackFideId "6405525"]
[BlackEloChange "9"]

1. Nf3 {[%clk 1:30:30]} Nf6 {[%clk 1:30:01]} 2. g3 {[%clk 1:30:54]} d5 {[%clk
1:30:09]} 3. Bg2 {[%clk 1:31:18]} e6 {[%clk 1:30:30]} 4. d4 {[%clk 1:31:42]} Be7
{[%clk 1:30:48]} 5. c4 {[%clk 1:31:56]} O-O {[%clk 1:30:57]} 6. Nc3 {[%clk
1:32:19]} c5 {[%clk 1:31:01]} 7. cxd5 {[%clk 1:32:08]} exd5 {[%clk 1:31:21]} 8.
O-O {[%clk 1:32:16]} Nc6 {[%clk 1:31:33]} 9. Bg5 {[%clk 1:27:02]} cxd4 {[%clk
1:31:44]} 10. Nxd4 {[%clk 1:27:24]} h6 {[%clk 1:32:05]} 11. Bf4 {[%clk 1:26:58]}
Be6 {[%clk 1:25:02]} 12. h3 {[%clk 0:54:27]} Nxd4 {[%clk 1:13:20]} 13. Qxd4
{[%clk 0:54:11]} Qd7 {[%clk 1:13:45]} 14. Kh2 {[%clk 0:51:45]} Rfc8 {[%clk
1:13:54]} 15. Rad1 {[%clk 0:50:18]} Bc5 {[%clk 0:55:03]} 16. Qe5 {[%clk 0:46:00]}
Re8 {[%clk 0:43:23]} 17. Bxh6 {[%clk 0:30:02]} Bxh3 {[%clk 0:26:09]} 18. Qg5
{[%clk 0:29:27]} Ng4+ {[%clk 0:22:34]} 19. Kg1 {[%clk 0:23:42]} Nxh6 {[%clk
0:22:35]} 20. Rxd5 {[%clk 0:22:35]} Bxf2+ {[%clk 0:18:55]} 21. Rxf2 {[%clk
0:22:48]} Qg4 {[%clk 0:19:08]} 22. Bxh3 {[%clk 0:18:54]} Qxh3 {[%clk 0:19:20]}
23. Rd4 {[%clk 0:19:10]} Qe6 {[%clk 0:11:29]} 24. Nd5 {[%clk 0:18:37]} Qe5 {[%clk
0:11:30]} 25. Nf6+ {[%clk 0:08:11]} Kh8 {[%clk 0:11:48]} 26. Qxe5 {[%clk
0:08:24]} Rxe5 {[%clk 0:12:07]} 27. Ng4 {[%clk 0:08:46]} Nxg4 {[%clk 0:12:12]}
28. Rxg4 {[%clk 0:09:15]} f6 {[%clk 0:11:44]} 29. Rc4 {[%clk 0:07:45]} Re7 {[%clk
0:11:16]} 30. Rh2+ {[%clk 0:07:07]} Kg8 {[%clk 0:11:16]} 31. Kf2 {[%clk 0:06:29]}
Rd8 {[%clk 0:10:05]} 32. Rc2 {[%clk 0:06:27]} Kf7 {[%clk 0:09:44]} 33. Rh4 {[%clk
0:06:29]} Rd5 {[%clk 0:09:48]} 34. Rhc4 {[%clk 0:05:56]} Rf5+ {[%clk 0:09:28]}
35. Kg2 {[%clk 0:05:21]} Rfe5 {[%clk 0:09:34]} 36. Kf2 {[%clk 0:05:32]} Kg6
{[%clk 0:09:43]} 37. Rg4+ {[%clk 0:05:24]} Kh5 {[%clk 0:09:18]} 38. Rgc4 {[%clk
0:04:41]} b6 {[%clk 0:07:54]} 39. Rd4 {[%clk 0:04:20]} Kg5 {[%clk 0:08:08]} 40.
Rcd2 {[%clk 0:04:16]} f5 {[%clk 0:38:11]} 41. b3 {[%clk 0:33:35]} g6 {[%clk
0:38:11]} 42. Kf3 {[%clk 0:27:23]} R7e6 {[%clk 0:37:32]} 43. Kf2 {[%clk 0:27:09]}
a6 {[%clk 0:35:16]} 44. Rd5 {[%clk 0:26:50]} Re4 {[%clk 0:33:01]} 45. R5d4 {[%clk
0:26:34]} Kg4 {[%clk 0:30:34]} 46. Kg2 {[%clk 0:20:17]} g5 {[%clk 0:30:19]} 47.
Rxe4+ {[%clk 0:19:40]} Rxe4 {[%clk 0:28:52]} 48. Kf2 {[%clk 0:19:58]} f4 {[%clk
0:25:28]} 49. gxf4 {[%clk 0:19:12]} Rxf4+ {[%clk 0:25:48]} 50. Ke3 {[%clk
0:07:39]} Rf6 {[%clk 0:23:18]} 51. Ke4 {[%clk 0:05:37]} Re6+ {[%clk 0:22:47]} 52.
Kd5 {[%clk 0:05:56]} Kf5 {[%clk 0:22:58]} 53. a4 {[%clk 0:03:08]} g4 {[%clk
0:23:05]} 54. b4 {[%clk 0:03:02]} g3 {[%clk 0:22:10]} 55. Rd3 {[%clk 0:02:33]} g2
{[%clk 0:13:36]} 56. Rf3+ {[%clk 0:00:49]} Kg4 {[%clk 0:13:52]} 57. Kxe6 {[%clk
0:01:09]} g1Q {[%clk 0:14:13]} 58. Rd3 {[%clk 0:00:35]} Kf4 {[%clk 0:14:06]} 59.
Kd6 {[%clk 0:00:34]} a5 {[%clk 0:13:40]} 60. bxa5 {[%clk 0:00:49]} Qc5+ {[%clk
0:13:58]} 61. Kd7 {[%clk 0:00:49]} bxa5 {[%clk 0:13:59]} 62. Ke6 {[%clk 0:00:40]}
Qc6+ {[%clk 0:13:50]} 63. Rd6 {[%clk 0:00:55]} Qxa4 {[%clk 0:13:50]} 64. e4
{[%clk 0:00:55]} Kxe4 {[%clk 0:13:50]} 0-1